Žilina

Zobrazenie: Päť čiastkových pohľadov, každý v bielom orámovaní, všetky spolu v šedom orámovaní. Pohľad na mešitanske domy na Mariánskom námestí, vľavo vidno časť koruny listnatého stromu. V pozadí spoza budov vytŕčajú Katedrála Najsvätejšej Trojice a Burianova veža. Pohľad na Námestie Andreja Hlinku...

Full description

Bibliographic Details
Other Authors: Lorenc, František (fotograf) (Photographer), Lorencová, Elena (fotografka) (Photographer), Chriašteľová, Ľubica (fotografka) (Photographer), Šmátrala, Milan (fotograf) (Photographer)
Format: Photo
Language:Slovak
PhysicalDescription:1 pohľadnica (5 čiastkových pohľadov) farebná 11 x 15 cm
Published: Bratislava Pravda 1990
Subjects:

MARC

LEADER 00000ckm a2200000 a 4500
001 vtls001208719
003 SK-MaSNL
005 20260331203840.0
007 kf co
008 230706s1990 xo g 0kuslo
015 |a SNBG1990 
035 |a SNK000151789 
035 |a urn:nbn:sk:snk-km45v9e 
035 |a 3A1A5570-3F0C-46E8-AD8A-F1D3C2C09CD9 
035 |a urn:nbn:sk:snk-km00fb6a 
040 |a SNK  |b slo  |c SNK  |e AACR2 
041 0 |a slo 
043 |a e-xo--- 
044 |a xo  |c SK 
072 7 |a 913  |x Regionálna geografia  |2 konspekt 
080 |a 913(437.6)  |2 2011 
080 |a 792.05  |2 2011 
080 |a 726:27-523.41  |2 2011 
080 |a 725/726.012.28  |2 2011 
080 |a 725.1:352  |2 2011 
080 |a 711.61  |2 2011 
080 |a 711.582  |2 2011 
080 |a (084.121)  |2 2011 
080 |a 725.962  |2 2011 
080 |a 725.1  |2 2011 
080 |a 728.222  |2 2011 
100 1 |a Lorenc, František  |c (fotograf)  |4 pht  |9 177742 
245 1 0 |a Žilina  |h grafika  |c foto František Lorenc, Elena Lorencová, Ľubica Chriašteľová, Milan Šmátrala 
246 1 |i Názov na obrazovej časti:  |a Žilina 
260 |a Bratislava  |b Pravda  |c 1990  |e [Bratislava]  |f TZP-B 
300 |a 1 pohľadnica (5 čiastkových pohľadov)  |b farebná  |c 11 x 15 cm 
500 |a Na adresnej časti pohľadnice je uvedené: "Žilina - prvá zmienka pochádza z r. 1208. V 19. stor. v súvislosti s vývojom priemyslu sa v meste vytvorilo významné stredisko robotníckeho a politického života. V súčasnosti dôležité priemyselné a kultúrne stredisko severzozáp. Slovenska" 
520 8 |a Zobrazenie: Päť čiastkových pohľadov, každý v bielom orámovaní, všetky spolu v šedom orámovaní. Pohľad na mešitanske domy na Mariánskom námestí, vľavo vidno časť koruny listnatého stromu. V pozadí spoza budov vytŕčajú Katedrála Najsvätejšej Trojice a Burianova veža. Pohľad na Námestie Andreja Hlinku, vľavo v pozadí sú balustrády a za nimi Katedrála s Burianovou vežou, vľavo od nich je Mestské divadlo. Vpravo vidno Farské schody. V popredí je na námestí niekoľko ľudí. Pohľad na trávantú plochu vľavo v popredí s kvetinovým záhonom, vpravo cestu vedúcu dozadu k poschodovej budove Domu odborov. Pohľad z výšky na mestskú časť Bulvár s trávnatou plochou so stromami uprostred medzi dvomi ulicami a z ľava vidno rad poschodových bytových domov. Pohľad na sídlisko s výskovými bytovými domami, v popredí je rozsiahla trávnatá plocha 
600 1 7 |a Hlinka, Andrej,  |d 1864-1938  |2 SNKMA  |9 103031 
610 2 7 |a Katedrála Najsvätejšej Trojice (Žilina, Slovensko)  |2 SNKKA  |9 198612 
610 2 7 |a Dom odborov (Žilina, Slovensko)  |2 SNKKA  |9 175338 
650 0 7 |a námestia  |2 SNKPH  |9 26291 
650 0 7 |a radnice  |2 SNKPH  |9 27759 
650 0 7 |a divadlá  |2 SNKPH  |9 29113 
650 0 7 |a katedrály  |2 SNKPH  |9 3032 
650 0 7 |a veže  |2 SNKPH  |9 30797 
650 0 7 |a balustrády  |2 SNKPH  |9 197792 
650 0 7 |a verejné budovy  |2 SNKPH  |9 2985 
650 0 7 |a sídliská  |2 SNKPH  |9 26585 
650 0 7 |a bytové domy  |2 SNKPH  |9 31781 
650 0 7 |a Burianova veža (Žilina, Slovensko)  |2 SNKPH  |9 157561 
651 7 |a Žilina (Slovensko)  |2 SNKPHgeo  |9 28812 
651 7 |a Mariánske námestie (Žilina, Slovensko)  |2 SNKPHgeo  |9 160551 
651 7 |a Námestie Andreja Hlinku (Žilina, Slovensko)  |2 SNKPHgeo  |9 194216 
655 7 |a miestne pohľadnice  |2 SNKPH  |9 70510 
700 1 |a Lorencová, Elena  |c (fotografka)  |4 pht  |9 283290 
700 1 |a Chriašteľová, Ľubica  |c (fotografka)  |4 pht  |9 284545 
700 1 |a Šmátrala, Milan  |c (fotograf)  |4 pht  |9 164919 
852 |a Slovenská národná knižnica 
958 |a GBN 
958 |a GC 
958 |a OND 
999 |c 780640  |d 782570 
952 |a SNK  |b SNK  |y PREZ  |7 0  |p 17A1281999  |o snkSP 144749  |i snk6979/90  |0 0  |1 0  |4 0  |d 2020-07-16  |f 1  |l 0  |r 2026-02-24 01:03:24  |w 2026-02-24 
952 |a SNK  |b SNK  |y PREZ  |7 0  |p 17A1282000  |o snkSP 144749 D1  |i snk6980/90  |0 0  |1 0  |4 0  |d 2020-07-16  |l 0  |r 2026-02-24 01:03:24  |w 2026-02-24